000 00811cam a2200241 a 4500
003 EG-GiCUC
008 061004s2002 mk f 000 0 ara d
017 _a2002 / 3 / 587
_bعمان.المكتبة الوطنية
040 _aEG-GiCUC
_bara
_cEG-GiCUC
050 4 _aPJ6151
_bS245 2002
092 0 4 _a415
_bS125
_221
099 _a04
_a415 S125
100 1 _aصادق : عباس
245 1 0 _aموسوعة القواعد والاعراب /
_cعباس صادق
250 _aط1
260 _aعمان :
_bدار اسامة للنشر و التوزيع :
_c2002
300 _a283ص ؛
_c24سم
504 _aيشتمل على ارجاعات ببليوجرافية (ص384)
650 7 _aاللغة العربية
_xالنحو
_2qrmak
902 _a1
905 _aاميرة
_eمدخل
942 _2ddc
_cBK
999 _c86833
_d86833